BSOP header

Preaching Christ from Ecclesiastes {ch} / (Record no. 54312)

MARC details
000 -LEADER
fixed length control field 00859nam a22002537a 4500
005 - DATE AND TIME OF LATEST TRANSACTION
control field 20250815142624.0
008 - FIXED-LENGTH DATA ELEMENTS--GENERAL INFORMATION
fixed length control field 250815b |||||||| |||| 00| 0 eng d
020 ## - INTERNATIONAL STANDARD BOOK NUMBER
International Standard Book Number 9781939251558
040 ## - CATALOGING SOURCE
Original cataloging agency BSOP
041 ## - LANGUAGE CODE
Language code of text/sound track or separate title chi
050 ## - LIBRARY OF CONGRESS CALL NUMBER
Classification number BS1475.54
100 ## - MAIN ENTRY--PERSONAL NAME
Personal name Greidanus, Sidney
245 ## - TITLE STATEMENT
Linkage 880-1
Title Preaching Christ from Ecclesiastes {ch} /
Statement of responsibility, etc Sidney Greidanus.
250 ## - EDITION STATEMENT
Edition statement 1st ed.
264 ## - PRODUCTION, PUBLICATION, DISTRIBUTION, MANUFACTURE STATEMENTS
Place of production, publication, distribution, manufacture South Pasadena, CA :
Name of producer, publisher, distributor, manufacturer <a href="A Kernel of Wheat Christian Ministries,">A Kernel of Wheat Christian Ministries,</a>
Date of production, publication, distribution, manufacture 2020.
300 ## - PHYSICAL DESCRIPTION
Extent 602p. :
Other physical details illustrations ;
Dimensions 21cm.
440 ## - SERIES STATEMENT/ADDED ENTRY--TITLE
Name of part/section of a work Illumination
504 ## - BIBLIOGRAPHY, ETC. NOTE
Bibliography, etc Includes bibliographical references.
650 ## - SUBJECT ADDED ENTRY--TOPICAL TERM
Topical term or geographic name as entry element Jesus Christ {ch}.
650 ## - SUBJECT ADDED ENTRY--TOPICAL TERM
Topical term or geographic name as entry element bible -- Ecclesiastes -- Sermons -- Outlines, syllabi, etc. {ch}.
650 ## - SUBJECT ADDED ENTRY--TOPICAL TERM
Topical term or geographic name as entry element Bible -- Ecclesiastes -- Criticism, interpretation, etc. {ch}.
880 ## - ALTERNATE GRAPHIC REPRESENTATION
Linkage 245-1
a 從傳道書傳講基督
942 ## - ADDED ENTRY ELEMENTS (KOHA)
Source of classification or shelving scheme Library of Congress Classification
Item type Books
Holdings
Withdrawn status Lost status Source of classification or shelving scheme Damaged status Not for loan Home library Current library Shelving location Date acquired Cost, normal purchase price Inventory number Total Checkouts Full call number Barcode Date last seen Price effective from Koha item type Public note
    Library of Congress Classification     BSOP Library BSOP Library Chinese Books (General Circulation) 03/28/2025 1075.00 C-16532   BS1475.54 Il6s 2020 00062212 08/15/2025 08/15/2025 Books AKOWCM, Co
BSOP

Biblical Seminary of the Philippines
  All rights Reserved
  © 2024

CONTACT INFORMATION

Biblical Seminary of the Philippines,
  77-B Karuhatan Road, Valenzuela City,
  PHILIPPINES 1441
  Phone: +632 8292-6795 / 8292-6798
  Fax : +632 8292-6675
  Email: library@bsop.edu.ph